| 000 | 01089cam a2200313 i 4500 | ||
|---|---|---|---|
| 001 | 37943 | ||
| 003 | Mx-PuUPA | ||
| 005 | 20240220090851.0 | ||
| 008 | 140415s1981 nyub jr 000 fdeng d | ||
| 020 | _a0553213156 | ||
| 040 |
_cMx-PuUPA _aMx-PuUPA _bspa _dMx-PuUPA _erda |
||
| 041 | 0 | _aeng | |
| 100 | 1 |
_aMontgomery, L.M., _eautor |
|
| 245 | 1 | 0 |
_aAnne of Ingleside / _cL.M. Montgomery |
| 250 |
_aBantam edition / _bSpecial collector's edition |
||
| 264 | 1 |
_aNew York, NY : _bBantam Books, _c1981 |
|
| 300 |
_a274 páginas, 16 páginas sin numerar : _bmapas ; _c18 cm |
||
| 336 |
_2rdacontent _atexto _btxt |
||
| 337 |
_2rdamedia _asin medio _bn |
||
| 338 |
_2rdacarrier _avolumen _bnc |
||
| 490 | 0 |
_aThe Anne of green gables novels ; _v6 |
|
| 600 | 1 | 4 |
_aShirley, Anne (Personaje ficticio) _vNovela |
| 650 | 7 |
_2armarc _aFamilias _vNovela juvenil |
|
| 650 | 7 |
_2armarc _aHistoria de Canadá _y1867-1914 _vNovela |
|
| 651 | 4 |
_aIsla del Príncipe Eduardo _xHistoria _ySiglo XX _vNovela |
|
| 942 |
_2ddc _cLI _h813.54 _iM734 |
||
| 999 |
_c37943 _d37943 |
||